000 00720nam a2200253Ia 4500
003 OSt
005 20220918201300.0
006 a|||||r|||| 00| 0
007 ta
008 220917b |||||||| |||| 00| 0 eng d
024 _a92,851
037 _cTextual
040 _aARTS
_cARTS
_beng
041 _2eng
_aeng
082 _aV1:19,(X).N 8, M4-;2
100 _aKeohane Robert O
_979027
245 0 _aAfter hegemony
_b cooperation and discord in the world political economy
260 _aPrinceton
_bPrinceton Univ
_c1984
300 _aix,280p.
_ccm.
500 _aBib 260-80p
650 _aHISTORY
942 _hV1:19,(X).N 8, M4-;2
_cTEXL
_2CC
999 _c216502
_d216502